Statistics for Works of Literature by Plot Description #3

Click here to take the quiz!

General Stats

  • This quiz has been taken 39 times
  • The average score is 6 of 20

Answer Stats

DescriptionAnswer% Correct
Centers on Atticus Finch's attempts to prove the innocence of Tom Robinson, a black man who has been wrongly accused of raping a white woman in 1930s Alabama.To Kill a Mockingbird
86%
Follows the lives of Becky Sharp and Amelia Sedley amid their friends and families during and after the Napoleonic Wars.Vanity Fair
59%
Follows the history of the early Roman Empire, narrated by an elderly Roman Emperor, from the year 24 BC to his death in AD 54.I, Claudius
54%
Oskar spends his adolescence and much of his adulthood as a little boy, rejecting the violence, the cruelty, and the chaos that surround him by beating the title instrument.The Tin Drum
49%
Ignatius J. Reilly, an obese young man dressed in a hunting cap and other strange attire, waits for his mother, Irene, outside of a department store in New Orleans, Louisiana.A Confederacy of Dunces
43%
Follows the life and romances of the protagonist Charles Ryder and his friendship with the Flytes, a family of wealthy English Catholics who live in the titular Castle.Brideshead Revisited
43%
Follows the narrator's recollections of childhood and experiences into adulthood while reflecting on the loss of time and lack of meaning to the world.In Search of Lost Time
38%
Dorothea makes a serious error in judgment when she chooses to marry Edward Casaubon. Dorothea hopes to be actively involved in his work, but he wants her to serve as a secretary.Middlemarch
32%
The bloody adventures of a group of men intent on eradicating the Apaches in Mexico.Blood Meridian
30%
The dramatic and theatrical political rise and governorship of Willie Stark, a cynical, socially liberal socialist in the American South during the 1930s.All the King's Men
19%
The story of the Incandenza family, dysfunctional proprietors of a tennis academy, and the story of the residents of a halfway house for addicts.Infinite Jest
16%
Novel written by the fictional poet John Shade, with a foreword, lengthy commentary and index written by Shade's neighbor and academic colleague, Charles Kinbote.Pale Fire
16%
Explores Edna Pontellier's desire to find and live fully within her true self. That purpose causes friction with her friends and family, and also conflicts with the dominant values of her time.The Awakening
16%
Follows the misfortune of a handful of unnamed characters who are among the first have no sight.Blindness
14%
The journey of Lena Grove, a young pregnant white woman from Doane's Mill, Alabama, who is trying to find Lucas Burch, the father of her unborn child.Light in August
11%
Tells the stories of Jim Burden, and the elder daughter in a family of Bohemian immigrants, who are each brought as children to be pioneers in Nebraska towards the end of the 19th century.My Antonia
11%
Follows the life of Janie Crawford, a girl of mixed black and white heritage, around the turn of the century...which was not an easy time to be of mixed race.Their Eyes Were Watching God
11%
The story of Paul, a man who is basically controlled by his mother. The relationship between mother and son becomes more and more unhealthy over time and assumes an Oedipal aspect.Sons and Lovers
8%
The story concerns the tragic fate of the beautiful and well-connected but penniless Lily Bart, who at age 29 lacks a husband to secure her position in society.The House of Mirth
8%
A fictional essay about the works of a fictitious, deceased Irish writer named Herbert Quain.Ficciones
3%

Score Distribution

Percentile by Number Answered

Percent of People with Each Score

Your Score History

You have not taken this quiz